000 00850nam a22002057a 4500
999 _c17780
_d17780
003 AR-CdUCM
008 190509b ||||| |||| 00| 0 spa d
040 _aMUNICIPALIDAD PROVINCIAL DEL CUSCO
_cBIBLIOTECA MUNICIPAL DEL CUSCO
082 _a940.532 /
_bR85
100 _aRothberg, Abraham
_937958
245 _aHistoria gráfica de la II guerra mundial /
260 _aBarcelona :
_bEds. Aura,
_c1967.
300 _a217 paginas ;
_bIlustraciones,
_c19 cm.
500 _aTitulo original : Eyewitness history of world war II
505 _aContenido : v.2: El largo armisticio -- Los primeros cañonazos -- El apaciguamiento en nuestro tiempo -- Comienza la batalla -- La guerra relámpago en el oeste...
650 _aGuerra mundia
_937959
700 _aTorre, Jesus de la (Traducción)
_937960
942 _2ddc
_cLIBROS
945 _awnts
_d201-05-09